|
|
|
|
| LEADER |
00000nab a2200000 ar4500 |
| 001 |
vtls008408894 |
| 003 |
SK-MaSNL |
| 005 |
20260303070114.0 |
| 008 |
051110c2005 xo wr|p|||||||000 b|slo |
| 015 |
|
|
|a SNBRB2005/11
|2 snkbucl
|
| 038 |
|
|
|a SNKBUCL
|
| 040 |
|
|
|a SNKBUCL
|b slo
|c SNKBUCL
|e AACR2
|
| 041 |
0 |
|
|a slo
|
| 044 |
|
|
|a xo
|c SK
|
| 080 |
|
|
|a 791.43.071.2
|2 1981
|
| 080 |
|
|
|a 929 Rašla, Juraj
|2 1981
|
| 080 |
|
|
|a 792.071.2
|2 1981
|
| 100 |
1 |
|
|a Černická, Lívia
|4 aut
|4 ivr
|9 270798
|
| 245 |
1 |
0 |
|a Juraj Rašla
|b nestíham sa na seba pozerať
|c rozhovor: Lívia Černická
|
| 300 |
|
|
|b Fotogr.
|
| 600 |
1 |
7 |
|a Rašla, Juraj,
|d 1969-
|2 snkbucl
|
| 700 |
1 |
|
|a Rašla, Juraj
|d 1969-
|4 aut
|4 ive
|
| 773 |
0 |
|
|t Eurotelevízia
|g Roč. 15, č. 46 (2005), s. 6-8
|x 0139-7451
|
| 852 |
|
|
|a SNK
|b KIS3GCP
|
| 958 |
|
|
|a BX
|
| 999 |
|
|
|c 1753982
|d 1755912
|